| 000 | 00469nam a22001577a 4500 | ||
|---|---|---|---|
| 999 |
_c9320 _d9320 |
||
| 008 | 210403b ||||| |||| 00| 0 eng d | ||
| 040 | _aBMS College of Architecture | ||
| 100 | _aSoumya, B | ||
| 245 | _aCardiac hospital at Bangalore | ||
| 300 | _aNA | ||
| 500 | _a1BM99AT042 | ||
| 502 |
_8B.Arch _NBMS College of Architecture, Visvesvaraya Technological University _aProject report _d2003 |
||
| 650 | _aHospital | ||
| 700 |
_aShridhar Rajan _eGuide |
||
| 942 |
_2ddc _cTHE |
||